000 00675na a2200217 4500
001 19979
003 MIRAKIL
005 20181213154951.0
008 161229b tu 000 0
040 _aMilas
_btur
_cTR-AnCHP
041 _atur
082 _a379.0952
_bJ26 [t.y.]
090 _a379.0952 J26 [t.y.]
245 _aJapon eğitim sistemi ve özel dersaneler
_cÖz-De-Bir
260 _aAnkara
_bÖzel Dersaneler Birliği Derneği İnceleme ve Araştırma Yayınları
_c[t.y.]
300 _a48 s.
_c28 sm.
650 _aEğitim sistemi
_xÖzel dersaneler
_zJaponya
651 _aJaponya
_xEğitim
710 _aÖzel Dersaneler Birliği Derneği
942 _2ddc
_cBKS
999 _c4048
_d4048